| 000 | 01297nam a22002777a 4500 | ||
|---|---|---|---|
| 001 | EPSA 0302 | ||
| 003 | gtcocun | ||
| 005 | 20250903192732.0 | ||
| 006 | a||||gr|||| 00| 0 | ||
| 007 | ta | ||
| 008 | 250903b2025 gt ||||| m||| 00| 0 eng d | ||
| 040 |
_agtcocun _bSPA _cgtcocun _eRDA |
||
| 041 | _aSPA EPSA 0302 | ||
| 084 | _0EPSA 0302 | ||
| 100 |
_aCaal Caal, Ana Fidelia _eAutor |
||
| 245 |
_aINFORME FINAL DEL EJERCICIO PROFESIONAL SUPERVISADO, REALIZADO EN HOTEl ESTANCIA REAL/ _cAna Fidelia Caal Caal _hImpreso |
||
| 264 |
_aCobán, Alta Verapaz: _bUniversidad de San Carlos de Guatemala, Centro Universitario del Norte, Licenciatura en Administración de Empresas _c2025 |
||
| 300 |
_a62 p.: _bIlustraciones, gráficas. _c28 cm; |
||
| 502 | _eEPSA 0302 | ||
| 502 |
_aEjercicio Profesional Supervisado _bLicenciatura en Administración de Empresas, _cUniversidad de San Carlos de Guatemala, Centro Universitario del Norte, Licenciatura en Administración de Empresas _d2025 _oEPSA 0302 |
||
| 650 |
_2LEMB _aCobán, Alta Verapaz _xAdministración _xFunciones _xActividades |
||
| 700 |
_aLcda. Sayda Lisbeth Lem Hernández _eAsesor |
||
| 856 |
_uSin archivo en línea _zSin archivo en línea. |
||
| 942 |
_2ddc _cTES _iEPSA 0302 _kClasificación _n0 _6EPSA_0302_000000000000000 |
||
| 999 |
_c1664 _d1664 |
||